|
|
|
|
| LEADER |
00000nam0a2200000 4500 |
| 001 |
268021 |
| 005 |
20231101234130.0 |
| 035 |
|
|
|a (RuTPU)RU\TPU\book\291148
|
| 090 |
|
|
|a 268021
|
| 100 |
|
|
|a 20140825d1987 k y0rusy50 ca
|
| 101 |
0 |
|
|a rus
|
| 102 |
|
|
|a UA
|
| 105 |
|
|
|a y z 001zy
|
| 200 |
1 |
|
|a Социально-культурное развитие села на современном этапе (на материалах Украинской ССР)
|f Н. И. Бушин
|
| 210 |
|
|
|a Киев
|c Вища школа
|d 1987
|
| 215 |
|
|
|a 248 с.
|
| 320 |
|
|
|a Библиогр.: с. 229-246
|
| 606 |
1 |
|
|a Социальная политика
|2 stltpush
|3 (RuTPU)RU\TPU\subj\36952
|9 58144
|
| 610 |
1 |
|
|a социально-культурное развитие
|
| 610 |
1 |
|
|a сельская местность
|
| 610 |
1 |
|
|a Украина
|
| 610 |
1 |
|
|a социальный прогресс
|
| 610 |
1 |
|
|a села
|
| 610 |
1 |
|
|a благосостояние
|
| 610 |
1 |
|
|a советское общество
|
| 610 |
1 |
|
|a преобразования
|
| 686 |
|
|
|a У9(2)0-94
|2 rubbk
|
| 700 |
|
1 |
|a Бушин
|b Н. И.
|g Николай Иванович
|
| 801 |
|
1 |
|a RU
|b 63413507
|c 20140825
|
| 801 |
|
2 |
|a RU
|b 63413507
|c 20180302
|g RCR
|
| 942 |
|
|
|c BK
|